01034 2200373 4500001002100000005001500021035002000036007000300056008004100059040001700100100001500117245005100132250001000183300003000193041000800223082001000231084001600241090002100257260008100278650002100359700002800380850001000408990002200418990002200440990002200462990002200484990002200506990002200528990002200550990002200572990002200594990002200616990002200638INLIS00000000000296120260529114704 a0010-1220000009ta260529 1  aSBPUPADbind0 aSuharyanto1 aPara Penjinak Api /cSuharyanto;editor, Efandi acet,1 a20 hlm. :bilus. ;c20 cm aind a808.3 a808.3 SUH p a808.3 SUH p 24-3 aTanam :bKementrian Lingkungan Hidup dan Kehutanan Republik Indonesia,c2020 4alingkungan hidup aeditor, Ikuten Brahmana aPUPAD a34.927/S/DPK/2020 a34.924/S/DPK/2020 a34.928/S/DPK/2020 a34.869/S/DPK/2020 a34.925/S/DPK/2020 a34.930/S/DPK/2020 a34.923/S/DPK/2020 a34.922/S/DPK/2020 a34.926/S/DPK/2020 a34.929/S/DPK/2020 a34.928/S/DPK/2020